| 000 | 03116 am a2200769 a 4500 | ||
|---|---|---|---|
| 005 | 20240220094213.0 | ||
| 008 | 100707s2000||||sp a f |||| 001 0 spa d | ||
| 020 | _a8481744476 | ||
| 041 | _aspa | ||
| 092 |
_c618 _l48 _sLLE |
||
| 100 | 1 |
_aLlewellyn-Jones, Derek. _91023 |
|
| 245 |
_aTexto ilustrado de Ginecología y Obstetricía / _cDerek Llewellyn-Jones. |
||
| 250 |
_a7a ed. en español de la 7a ed. de laobra original en inglés _bRevisión Carlos Rodríguez Giménez |
||
| 260 |
_aMadrid: _bHarcourt ; Mosby; _c2000. |
||
| 300 | _a350 p. | ||
| 500 | _aLlewellyn-Jones, D., Abraham, S. y Oats, J. (2000). Texto ilustrado de Ginecología y Obstetricía. (7a ed.). Madrid : Harcourt ; Mosby. | ||
| 653 | _aHistoria y exploración ginecológica | ||
| 653 | _aOvulación y ciclo menstrual | ||
| 653 | _aConcepción y desarrollo de la placenta | ||
| 653 | _aEmbrión y feto | ||
| 653 | _aCambios fisiológicos y anatómicos durante la gestación | ||
| 653 | _aCuidados prenatales | ||
| 653 | _aFactores mecánicos del parto | ||
| 653 | _aCambios fisiológicos durante el parto | ||
| 653 | _aDesarrollo y control del parto | ||
| 653 | _aPuerperio | ||
| 653 | _aComplicaciones menores de la gestación | ||
| 653 | _aAborto | ||
| 653 | _aEmbarazo extrauterino: gestación ectópica | ||
| 653 | _aHemorragia preparto | ||
| 653 | _aTrastornos hipertensivos durante la gestación | ||
| 653 | _aTrastornos cardiovasculares, respiratorios y hematológicos | ||
| 653 | _aTrastornos endócrinos durante la gestación | ||
| 653 | _aInfecciones durante la gestación | ||
| 653 | _aTrastornos de la placenta y de las membranas | ||
| 653 | _aVariaciones en la duración de la gestación | ||
| 653 | _aFeto de alto riesgo | ||
| 653 | _aPresentaciones fetales anormales | ||
| 653 | _aParto anormal (distocia) y parto prolongado | ||
| 653 | _aTrastornos del puerperio | ||
| 653 | _aIntervenciones obstétricas | ||
| 653 | _aEpidemiología en obstetricia | ||
| 653 | _aRecién nacido | ||
| 653 | _aRecién nacido de bajo peso al nacimiento | ||
| 653 | _aTrastornos de la menstruación | ||
| 653 | _aTrastornos psicosomáticos y físicos del ciclo menstrual | ||
| 653 | _aSexualidad humana y problemas psicosexuales | ||
| 653 | _aControl de la concepción | ||
| 653 | _aEsterilidad | ||
| 653 | _aInfecciones del aparato genital | ||
| 653 | _aSituaciones de atrofia y distrofia | ||
| 653 | _aEndometriosis y adenomiosis | ||
| 653 | _aTumores benignos, quistes y malformaciones del aparato genital | ||
| 653 | _aProcesos malignos del aparato genital femenino | ||
| 653 | _aDesplazamientos, lesión y prolapso uterovaginales | ||
| 653 | _aTracto urinario y su relación con la ginecología | ||
| 653 | _aMama | ||
| 653 | _aProblemas ginecológicos durante la infancia y la adolescencia | ||
| 653 | _aEdades intermedias en la mujer: menopausia | ||
| 653 | _aAnatomia del aparato genital femenino | ||
| 700 | 1 |
_aAbraham, Suzanne _91024 |
|
| 700 | 1 |
_aOats, Jeremy _91025 |
|
| 930 | _a1207 | ||
| 930 | _a1297 | ||
| 930 | _a1298 | ||
| 942 |
_2ddc _cBK |
||
| 999 |
_c489 _d489 |
||